Variantná prognóza vývoja čs. ekonomiky v rokoch 1992 a 1993.

Postup spracovania a zhrnutie hlavných výsledkov. Vývoj ekonomiky v ČSFR v roku 1991. Prognóza základných makroekonomických ukazovateľov. Východiskové predpoklady a scenáre jednotlivých variantov prognózy. Výsledky modelovej prognózy vývoja ekonomiky ČSFR na roky 1992-93.

Guardado en:
Detalles Bibliográficos
Formato: Capítulo de libro
Lenguaje:eslovaco
Materias:
Etiquetas: Agregar Etiqueta
Sin Etiquetas, Sea el primero en etiquetar este registro!

MARC

LEADER 00000naa a2200000 4500
001 r007790
005 20220831091017.2
041 0 |a slo 
044 |a [CS] 
245 1 0 |a Variantná prognóza vývoja čs. ekonomiky v rokoch 1992 a 1993. 
520 |a Postup spracovania a zhrnutie hlavných výsledkov. Vývoj ekonomiky v ČSFR v roku 1991. Prognóza základných makroekonomických ukazovateľov. Východiskové predpoklady a scenáre jednotlivých variantov prognózy. Výsledky modelovej prognózy vývoja ekonomiky ČSFR na roky 1992-93. 
610 2 0 |a prognózy hospodárske 
610 2 0 |a ČSFR 
610 2 0 |a 1992-1993 
610 2 0 |a ukazovatele ekonomické